Every city in Djibouti - Statistics

General Stats
  • This quiz has been taken 12 times
  • The average score is 3 of 6
Answer Stats
City Population % Correct
D Djibouti 475,322
100%
D Dikhil 24,886
60%
A Ali Sabieh 37,939
40%
A Arta 13,260
40%
O Obock 11,706
40%
T Tadjourah 14,820
20%
No matching quizzes found
Score Distribution
Percent of People with Each Score
Percentile by Number Answered
Your Score History
You have not taken this quiz